| 000 | 00524nam a2200205Ia 4500 | ||
|---|---|---|---|
| 003 | GCL | ||
| 005 | 20240530100742.0 | ||
| 008 | 140319s9999 xx 000 0 eng d | ||
| 040 |
_aGCL / _cGCL |
||
| 082 | 0 | 4 |
_a770.28 _bD B |
| 100 | 1 | _aDAVIS,PHIL | |
| 245 | 1 | 0 |
_aBEYOND THE ZONE SYSTEM, SECOND EDITION / _cDAVIS,PHIL |
| 260 |
_a[S.N] : _bFOCAL PRESS ، _c1988 |
||
| 300 | _a219 P | ||
| 650 | 0 | 4 | _aZONE SYSTEM |
| 650 | 0 | 4 | _aPHOTOGRAPHY |
| 650 | 0 | 4 | _aEXPOSURE |
| 650 | 0 | 4 | _aPHOTOGRAPGIC SENSITOMETRY |
| 942 |
_2ddc _cBK |
||
| 999 |
_c20488 _d20488 |
||